000 00746cab a2200229 4500
001 ABS56307
008 090401t1996 xxu||||| |||| 00| 0 eng d
035 _a(Sirsi) u22732
041 _aeng
100 _aKent, R
245 _aTraditional building materials: Scottish slate
260 _c1996
350 _a0
490 _aContext
_v(52) December 1996, 23-25(3)
520 _aDiscusses the reincarnation of the Scottish slate industry and Scottish slating practice. To encourage an industry-based revival. Historic Scotland has set up two major research commissions.
650 _aHISTORIC SCOTLAND
650 _aSCOTLAND
650 _aSLATE
690 _aBUILT ENVIRONMENT-BUILDING MATERIALS
942 _n0
948 _c04/03/1997
999 _c15238
_d15238